Quizzes
Events
Quiz Creation
Community
Videos
Private Events
Remove Ads
Sign In
Join for FREE
Feedback
Dark Mode
Quiz Categories
Sports
Geography
Music
Movies
Television
Just For Fun
Miscellaneous
History
Literature
Language
Science
Gaming
Entertainment
Religion
Holiday
For Kids
Quiz Lab
Recent
Popular Today
Quiz Kudos Today
Editor Picks
Curator Picks
Quizzes by...
Day
Popularity
Type
Ratings
Length
Year
Community
Subscriptions
Recent Discussions
Orange Saloon
Badges
Playlists
Quests
Create
Leaderboards
Showdown
Live 5
Trivia Bingo
Activity
Puzzle Library
Sporcle Events
Private Events
Virtual Trivia
Globe League
Become a Host
Pub Owners
SporcleCon
Opinionation
Our Games
Videos
Blog
Mobile Apps
Partnerships
Remove Ads and Go Orange
Feedback
Sports
Athletes
MLB
NBA
NHL
NFL
Soccer
Sports Teams
WWE
NCAA
Football
Premier League
Basketball
Baseball
Hockey
Golf
Tennis
Cricket
Rugby
Auto Racing
Olympics
World Cup
Sports
Athletes
MLB
NBA
NHL
NFL
Soccer
Sports Teams
WWE
NCAA
Football
Premier League
Basketball
Baseball
Hockey
Golf
Tennis
Cricket
Rugby
Auto Racing
Olympics
World Cup
Random Quiz
Search Sporcle
×
Quiz Lab
Quiz Lab
Sports
cfl
Type in answers that appear in a list
Type in answers that appear in a list
Classic
Best Score? Go Orange.
Tiger-Cat coaches Stats
Can you name the Hamilton Tiger-Cat head coaches since 1950?
By
thehammer1
6m
21 Questions
42 Plays
42 Plays
42 Plays
Comments
Comments
Give Quiz Kudos
Give Quiz Kudos
-
- Ratings
hide this ad
Replay
Link that replays current quiz
Next Quiz
Link to next quiz in quiz playlist
You Got
0%
They Got
Avg Score
41%
Avg Friend Score
Upgrade to see
Score Distribution
Jump to the score distribution portion of the page
Score
0/21
Timer
06:00
0
Plays Today
Years
Coach
% Correct
1998 -
2003, interim 2006
Ron Lancaster
78.6%
1983-
1990
Al Bruno
73.8%
2004-
2006
Greg Marshall
64.3%
1994-
1997
Don Sutherin
57.1%
1963-
1968
Ralph Sazio
54.8%
1991-
1994
John Gregory
54.8%
2008-
2010
Marcel Bellefeuille
52.4%
1981
Frank Kush
50%
1956-
1962
Jim Trimble
45.2%
2007-
2008
Charlie Taaffe
42.9%
1990-
1991
Dave Beckman
38.1%
Years
Coach
% Correct
1997 (interim)
Urban Bowman
38.1%
1972-
1975
Jerry Williams
35.7%
1987 (interim)
Ted Schmitz
33.3%
1978-
1980
John Payne
31%
1950-
1955
Carl Voyles
28.6%
1982-
1983
Bud Riley
26.2%
1969-
1970
Joe Restic
16.7%
1976
George Dickson
16.7%
1977
Bob Shaw
16.7%
1971
Al Dorow
14.3%
Quiz Playlist
Details
Report
Send in Message
Add To Playlist
Classic:
Type in answers that appear in a list
Last Updated: Feb 16, 2017
Quiz Scoreboard
CHALLENGE
Sign Up to Join the Scoreboard
Show All
Scores
Hide
Comments
May contain spoilers
Recently Published
One Thing in Common: World Cities II
by knightlancer
Geography
7m
Popular People in 1961
by mucciniale
History
6m
1-10 Letter E Words III
by El_Dandy
Language
2m
More to Explore
Quiz From the Vault
Featured Blog Post
Where Did the Easter Bunny Come From?
hide this ad
You Might Also Like...
Tags
1950
cfl
CFL Champions
CFL Outstanding
CFL Quarterbacks
coach
Hamilton
record
Today's Top Quizzes in Sports
Browse Sports
hide this ad
Today's Top Quizzes in cfl
Browse cfl
Top Contributed Quizzes in Sports
1
Les meilleurs buteurs des matchs entre le PSG et l’OM
2
Les entraîneurs de l'OM et du PSG au 21e siècle
3
2022 World Cup Stars
4
FIFA Club World Cup Champions
5
Name the Premier League winners with different clubs
6
La finale Lions - Afrique du Sud 2021
7
Criteria MLB: Left Handed Sluggers
8
Players with Multiple 50 Home Run Seasons
9
MLB Players with Two .350 Batting Average Seasons
10
MLB Hall of Famer by Rings
Explore More
Trending Topics
Marvel
Kpop
Anime
Harry Potter
Crossword
NBA
Disney
WWE
Country
Puzzle
NFL
Pokémon
Soccer
Song
The Office
hide this ad
More By:
thehammer1
Quiz
Plays
Rating
Category
Featured
Created
Disney animated movie settings
1,858
3.00
Entertainment
Feb 18, 2011
disney character by E True Hollywood story
570
2.67
Entertainment
Feb 21, 2011
Canada's most dangerous cities
564
4.00
Geography
Jan 1, 2011
Rickey Henderson's Teams
182
4.67
Sports
Jul 20, 2011
Canada's fattest cities
155
4.00
Geography
Dec 30, 2010
Go to Creator's Profile
Score Distribution
Quiz Creator Spotlight
thehammer1
Follow
Send a Message
Quizzes Created
-
Created Quiz Play Count
-
More By This Creator
Popular Quizzes Today
1
Find the US States - No Outlines Minefield
2
The Countries of the World
3
Popular People in 1961
4
Find the Countries of Europe - No Outlines Minefield
5
1-10 Letter E Words III
6
Find the US States
7
One Thing in Common: World Cities II
8
US States
More Sports Quizzes
Federer Final Losers
Published
Trending Quizzes
1-10 Letter F Words
1-10 Letter G Words
Risky Map Clicking: Next State Alphabetically
1-10 Letter F Words II
Risky Map Clicking: States by Unique Starting Letters
Recently Updated
Leaping Animals
pecheneg
Reality TV Shows (A-Z)
bhenderson79
Rickey Henderson's Hall of Fame Teammates
pecheneg
Champions League XIs: Arsenal
pecheneg
Quick Pick: Celebrities in WWE's Hall of Fame
aduchscher
A-Z Keypad Blitz II
pecheneg
Multiple Oscar Actors
pecheneg
Mystery Phrase Blitz: Oscar 'Best Actors'
pecheneg
F. Scott Fitzgerald Novels
LTH
Pick 3 Villains
ddd62291
Trending Topics
Crossword
Anime
NBA
Harry Potter
Disney
Marvel
Kpop
The Office
NFL
Song
Puzzle
Soccer
Pokémon
WWE
Country
Your Account Isn't Verified!
In order to create a playlist on Sporcle, you need to verify the email address you used during registration. Go to your
Sporcle Settings
to finish the process.
Report this User
Report this user for behavior that violates our
Community Guidelines
.
Details:
Send Report
Go to the Sporcle.com Mobile Site →
Comments